La spiritualité chrétienne (Registro nro. 307670)

Detalles MARC
000 -ENCABEZADO
Número de control [NR] 02189nam a22002777a 4500
005 - FECHA Y HORA DE LA ÚLTIMA TRANSACCIÓN
control field 20171013153233.0
008 - DE LONGITUD FIJA DE DATOS DE ELEMENTOS - INFORMACIÓN GENERAL
Elementos de longitud fija [NR] 130821s1926 fr fr 1 fre
040 ## - FUENTE DE CATALOGACION [NR]
Agencia de catalogación original [NR] Co-BoUCM
Idioma de catalogación [NR] spa
Quien Cataloga Sandra Yazo
Quien Clasifica Sandra Yazo
041 0# - CODIGO DE IDIOMA [R]
Código de idioma para texto/pista de sonido o título separado [R] Francés
082 04 - NUMERO DE CLASIFICACION DECIMAL DEWEY [R]
Número de clasificación [R] 282.09
Número de la edición [NR] 20
092 ## - SIGNATURA TOPOGRAFICA LOCAL
Número de clasificación local E44N042
100 1# - ASIENTO PRINCIPAL--NOMBRE PERSONAL [NR]
Nombre personal [NR] Pourrat, P.
Fechas asociadas con el nombre [NR] 1871-1957‏
Forma más completa del nombre [NR] Pierre
ID Autoridad 87735
242 03 - TRADUCCION DEL TITULO POR LA AGENCIA CATALOGADORA [R]
Título [NR] La espiritualidad cristiana.
Parte restante del título [NR] I. De los orígenes de la Iglesia a la Edad Media
Mención de responsabilidad, etc. [NR] P. Pourrat
Código de idioma del título traducido [NR] spa
245 13 - MENCION DE TITULO [NR]
Título [NR] La spiritualité chrétienne
Parte restante del título [NR] I Des origenes de L'Eglise au moyen age
Mención de responsabilidad, etc. [NR] P. Pourrat
260 ## - PUBLICACION, DISTRIBUCION, ETC. (PIE DE IMPRENTA) [R]
Lugar de publicación, distribución, etc. [R] París (Francia)
Nombre del editor, distribuidor, etc. [R] Librairie Victor Lecoffre [Librería Víctor Lecoffre] ; Typographie Firmin Didot el Cie [Tipografía de Firmin Didot y Compañía]
Fecha de publicación, distribución, etc. [R] 1926
300 ## - DESCRIPCION FISICA [R]
Extensión [R] xii, 502 páginas
Dimensiones [R] 18 x 12 cm.
500 ## - NOTA GENERAL [R]
Nota general [NR] Detalles físicos: Encuadernación rígida (holandesa) en cartón forrado en papel jaspeado. Lomo de tela con adornos en dorado. Guardas. Anteportada. Portada impresa en una sola tinta. Licencias y permisos (Imprimatur). Texto impreso en una columna, con diversos tipos y tamaños de letras, sobre papel ordinario. Notas de pie de página. Vocabulario analítico al final
505 0# - NOTA DE CONTENIDO CON FORMATO PREESTABLECIDO [R]
Nota de contenido con formato preestablecido [NR] Prefacio ; La enseñanza ascética de Jesús y los Apóstoles ; El ascetismo cristiano durante los tres primeros siglos de la Iglesia ; Deformaciones del primitivo ascetismo cristiano ; El monaquismo en Oriente durante los siglos IV y V ; Doctrina ascética de los monjes orientales ; El monacato en Occidente ; Influencias pelagianas y agustinianas en la espiritualidad ; Pelagio y San Agustín ; Doctrina espiritual de San Agustín; su visión de la tentación y de la oración ; La mística cristiana en los siglos IV y V: San Agustín y Dionisio Areopagita ; Cristo en la espiritualidad durante las controversias cristológicas de los siglos V y VI ; Desarrollo de la vida monástica en Occidente después del siglo VI
506 ## - NOTA DE RESTRICCIONES DE ACCESO [R]
Condiciones de acceso [NR] Consulta en sala
546 ## - NOTA DE IDIOMA [R]
Nota de idioma [NR] Texto en francés con expresiones en latín
650 #0 - ASIENTO SECUNDARIO DE MATERIA - TERMINO TEMATICO [R]
Término temático o nombre geográfico como elemento de entrada [NR] Iglesia Católica
9 (RLIN) 49413
Subdivisión general [R] Historia
650 #7 - ASIENTO SECUNDARIO DE MATERIA - TERMINO TEMATICO [R]
Término temático o nombre geográfico como elemento de entrada [NR] Vida espiritual
9 (RLIN) 26229
650 #7 - ASIENTO SECUNDARIO DE MATERIA - TERMINO TEMATICO [R]
Término temático o nombre geográfico como elemento de entrada [NR] Cristianismo
9 (RLIN) 12174
690 ## - ASUNTO AGREGADO LOCAL DE ENTRADA - TÉRMINO TEMÁTICO (OCLC, RLIN)
Acceso temático local Iglesias
9 (RLIN) 17149
942 ## - ELEMENTOS DE ENTRADA AGREGADOS (KOHA)
Tipo de ítem principal el descrito en 300a Libro
Edición 1
Sistema de clasificación LOCAL
Clasificación E44N042
Existencias
Suprimido Perdido Sistema de clasificación Dañado No prestable Tipo de ítem específico Ubicación habitual Ubicación actual Localización Fecha de creación Forma de adquisición Costo Volúmen / Fascículo Total préstamos Signatura topográfica Código de barras Última vez visto Ejemplar Price effective from Tipo de ítem
    LOCAL     Libro archivo Archivo Histórico Archivo Histórico Archivo histórico 13/10/2017 Donación 0.00 V.1   E40N042 L006348 13/10/2017 Ej.1 13/10/2017 Libro